Africká sociální skutečnost a dějiny
Meniace sa prístupy k dejinám subsaharskej Afriky. Výklad afrických dejín v odborných zahraničných publikáciách.
Salvato in:
| Autore principale: | |
|---|---|
| Natura: | Capitolo di libro |
| Lingua: | ceco |
| Soggetti: | |
| Tags: |
Nessun Tag, puoi essere il primo ad aggiungerne!!
|
MARC
| LEADER | 00000naa a2200000 4500 | ||
|---|---|---|---|
| 001 | r042768 | ||
| 005 | 20230927121336.1 | ||
| 041 | 0 | |a cze | |
| 044 | |a CZ | ||
| 245 | 1 | 0 | |a Africká sociální skutečnost a dějiny |c Luboš Kropáček |
| 520 | |a Meniace sa prístupy k dejinám subsaharskej Afriky. Výklad afrických dejín v odborných zahraničných publikáciách. | ||
| 610 | 2 | 0 | |a vývoj spoločenský |
| 610 | 2 | 0 | |a Afrika |
| 610 | 2 | 0 | |a Subsahara |
| 610 | 2 | 0 | |a história |
| 610 | 2 | 0 | |a dejiny |
| 100 | 1 | |a Kropáček, Luboš | |